Systems thinking / (Record no. 9476)

MARC details
000 -LEADER
fixed length control field 01276cam a2200325 a 4500
001 - CONTROL NUMBER
control field 12846906
003 - CONTROL NUMBER IDENTIFIER
control field OSt
005 - DATE AND TIME OF LATEST TRANSACTION
control field 20241113123012.0
008 - FIXED-LENGTH DATA ELEMENTS--GENERAL INFORMATION
fixed length control field 020709s2003 enka b 000 0 eng d
010 ## - LIBRARY OF CONGRESS CONTROL NUMBER
LC control number 2002109617
015 ## - NATIONAL BIBLIOGRAPHY NUMBER
National bibliography number GBA2-U8050
020 ## - INTERNATIONAL STANDARD BOOK NUMBER
International Standard Book Number 0761949593
040 ## - CATALOGING SOURCE
Original cataloging agency DDC
Transcribing agency MUST
050 00 - LIBRARY OF CONGRESS CALL NUMBER
Classification number Q295
Item number .S9695 2003
082 00 - DEWEY DECIMAL CLASSIFICATION NUMBER
Classification number 658 SAG 2003
100 ## - MAIN ENTRY--PERSONAL NAME
Personal name Edited by Gerald Midgley
9 (RLIN) 19330
245 00 - TITLE STATEMENT
Title Systems thinking /
Statement of responsibility, etc. edited by Gerald Midgley.
260 ## - PUBLICATION, DISTRIBUTION, ETC. (IMPRINT)
Place of publication, distribution, etc. London ;
-- Thousand Oaks, Calif. :
Name of publisher, distributor, etc. SAGE,
Date of publication, distribution, etc. 2003.
300 ## - PHYSICAL DESCRIPTION
Extent iv;306p,:
Other physical details ill.;
Dimensions 24 cm.
440 #0 - SERIES STATEMENT/ADDED ENTRY--TITLE
Title Sage library in business and management
9 (RLIN) 19331
504 ## - BIBLIOGRAPHY, ETC. NOTE
Bibliography, etc Includes bibliographical references.
650 #0 - SUBJECT ADDED ENTRY--TOPICAL TERM
Topical term or geographic name as entry element System theory.
9 (RLIN) 19332
650 #0 - SUBJECT ADDED ENTRY--TOPICAL TERM
Topical term or geographic name as entry element Organizational behavior.
9 (RLIN) 12875
700 1# - ADDED ENTRY--PERSONAL NAME
Personal name Midgley, Gerald.
9 (RLIN) 19333
856 42 - ELECTRONIC LOCATION AND ACCESS
Materials specified Publisher description
Uniform Resource Identifier http://www.loc.gov/catdir/enhancements/fy0657/2002109617-d.html
856 41 - ELECTRONIC LOCATION AND ACCESS
Materials specified Table of contents only
Uniform Resource Identifier http://www.loc.gov/catdir/enhancements/fy0657/2002109617-t.html
942 ## - ADDED ENTRY ELEMENTS (KOHA)
Source of classification or shelving scheme Other/Generic Classification Scheme
Koha item type Open Shelf

No items available.